Breastfeeding handbook for physicians (Record no. 30892)

MARC details
000 -LEADER
fixed length control field 00734nam a2200181 a 4500
008 - FIXED-LENGTH DATA ELEMENTS--GENERAL INFORMATION
fixed length control field 120917s2006 ||||||||||||||||| || u
020 ## - INTERNATIONAL STANDARD BOOK NUMBER
International Standard Book Number 1581100906
050 ## - LIBRARY OF CONGRESS CALL NUMBER
Classification number RJ 216 Bre
110 ## - MAIN ENTRY--CORPORATE NAME
Corporate name or jurisdiction name as entry element American Academy of Pediatrics
245 10 - TITLE STATEMENT
Title Breastfeeding handbook for physicians
260 ## - PUBLICATION, DISTRIBUTION, ETC.
Place of publication, distribution, etc. Washington, D. C.:
Name of publisher, distributor, etc. AAP/ACOG
Date of publication, distribution, etc. 2006
300 ## - PHYSICAL DESCRIPTION
Extent xii, 277p.: ill.
500 ## - GENERAL NOTE
General note Includes Bibliography
650 ## - SUBJECT ADDED ENTRY--TOPICAL TERM
Topical term or geographic name entry element BREASTFEEDING--HANDBOOKS, MANUALS, ETC
650 #0 - SUBJECT ADDED ENTRY--TOPICAL TERM
Topical term or geographic name entry element BREASTFEEDING
710 ## - ADDED ENTRY--CORPORATE NAME
Corporate name or jurisdiction name as entry element The American College of Obstetricians and Gynecologists
995 ## -
-- MEDICAL LIBRARY OPEN ACCESS
-- 901863
-- CBU-SCHOOL OF MEDICINE LIBRARY (Ndola)
-- OTL RJ 216 Bre (BOX 6)
-- 1
-- AVAILABLE
-- Oct 18, 2012
-- 901863
-- Medical Library Open Access Collection
999 ## -
-- 30892
-- 30892
Holdings
Withdrawn status Lost status Source of classification or shelving scheme Damaged status Not for loan Permanent Location Current Location Shelving location Date acquired Total Checkouts Full call number Barcode Date last seen Price effective from Koha item type
          CBU-SCHOOL OF MEDICINE LIBRARY, NDOLA. CBU-SCHOOL OF MEDICINE LIBRARY, NDOLA.   11/30/2022   RJ 216 Bre 901863 11/30/2022 11/30/2022 MONOGRAPH